Text book of building construction / (Record no. 11464)
[ view plain ]
| 000 -LEADER | |
|---|---|
| fixed length control field | 00443cam a2200181ua 4500 |
| 041 ## - LANGUAGE CODE | |
| Language code of text/sound track or separate title | eng |
| 082 ## - DEWEY DECIMAL CLASSIFICATION NUMBER | |
| Classification number | 690 |
| Item number | PUN/BU |
| 100 ## - MAIN ENTRY--AUTHOR NAME | |
| Personal name | Punmia, B C. |
| 245 ## - TITLE STATEMENT | |
| Title | Text book of building construction / |
| 250 ## - EDITION STATEMENT | |
| Edition statement | 1 / |
| 260 ## - PUBLICATION, DISTRIBUTION, ETC. (IMPRINT) | |
| Place of publication | Delhi : |
| Name of publisher | A. Saurabh & Co (p) ltd. , |
| Year of publication | 1984. |
| 300 ## - PHYSICAL DESCRIPTION | |
| Number of Pages | 796 ; . |
| 942 ## - ADDED ENTRY ELEMENTS (KOHA) | |
| Koha item type | Books |
| Withdrawn status | Lost status | Damaged status | Home library | Current library | Date acquired | Full call number | Accession Number | Koha item type |
|---|---|---|---|---|---|---|---|---|
| KAUAET | KAUAET | 20/08/1986 | 690 | 15434 | Books |
